000 02742cam a2200361 4500500
005 20260111112221.0
041 _afre
042 _adc
100 1 0 _aGolse, Bernard
_eauthor
245 0 0 _aL’approche piklerienne, au carrefour des neurosciences et de la psychanalyse
260 _c2015.
500 _a86
520 _aL’approche dite piklerienne des soins au très jeune enfant découle des travaux de l’Institut Pikler-Loczy menés à Budapest depuis 1946. Il apparaît aujourd’hui que les fondements de cette professionnalisation remarquable qui demeure une référence importante pour tous les professionnels de la petite enfance, peuvent être mis en perspective avec certains acquis des neurosciences. C’est ce que l’auteur envisage, dans le cadre de ce travail, à propos de quatre domaines particuliers : la néoténie humaine, le concept « d’allaitement relationnel », l’activité libre du bébé au regard du modèle de la « copie efférente », et les processus de symbolisation primaire et secondaire enfin, avec le rôle de l’équilibre dialectique entre les rencontres individuelles et les moments d’activité libre du bébé (entre attachement et psychanalyse)
520 _aThe piklerienne known approach to care in very young children stems from the work of the Pikler-Loczy Institute conducted in Budapest since 1946. It now appears that the foundations of this remarkable professionalism remain an important reference for all early childhood professionals and can be put into perspective with some achievements of neuroscience. This is what the author intends, in the context of this work, about four specific areas: the human neoteny, the concept “relational breastfeeding”, the baby’s free activity under the model of “efferent copy”, and finally the processes of primary and secondary symbolization, with the role of a dialectical balance between individual meetings and free time activities of the baby (between attachment and psychoanalysis)
690 _aactivité libre
690 _aattachement
690 _aépigenèse
690 _ainstitut pikler-loczy
690 _anéoténie
690 _apsychanalyse
690 _asymbolisation
690 _asynchronie polysensorielle
690 _aattachment
690 _aepigenesis
690 _afree activity
690 _ainstitute pikler-loczy
690 _aneoteny
690 _apsychoanalysis
690 _asymbolizing
690 _asynchrony polysensorial
786 0 _nJournal de la psychanalyse de l'enfant | 5 | 1 | 2015-06-09 | p. 217-244 | 0994-7949
856 4 1 _uhttps://shs.cairn.info/revue-journal-de-la-psychanalyse-de-l-enfant-2015-1-page-217?lang=fr&redirect-ssocas=7080
999 _c1631891
_d1631891